000 00646nam a2200217 i 4500
001 C2-0300708
003 PPAK
005 20180728082200.0
008 091115s1967 io |||| ||||| | may d
040 _aPPAK
_beng
_cPPAK
_erda
082 0 4 _a499.2215
_223
090 0 0 _a499.2215
_bABA
_dKIH
100 0 _aLutfi abas,
_cDrs.
_eauthor
245 1 0 _aPengantar indonesia dan tatabahasa bahasa indonesia
264 1 _aBandong, Indonesia :
_bJajasan penerbitan universitas padjadjaran ,
_c1967
300 _a172 pages ;
_c21 cm
336 _2rdacontent
_atext
337 _2rdamedia
_aunmediated
338 _2rdacarrier
_avolume
942 _ddc
_cB
999 _c104566
_d104566